00600nab a2200157uuc4500001000800000005001700008008004100025035001200066040001300078041000800091100005300099245009800152650001900250700004100269773013200310135413420240202113911.0131210e19990701 spa  a1354134 ccomduadb aspa10aGonzáles Hernández, Lázaro Ariel4auteaut10aAplicación de técnicas de regulación fuzzy al control de nivel de un generador de vapor aControl difuso10aCésar Sánchez, Eugenio4auteaut0 tIngeniería Electrónica, Automática y Comunicaciones (La Habana)gVol. 20, No. 03, 1999, p. 33-38w99318x0258-5944090531